Efektívnosť zdaňovania práce v teórii a praxi - výber

Oblasť zdaňovania práce pomerne presne zachytáva medzinárodne využívaný ukazovateľ daňového klinu, ktorý vyjadruje koľko percent z celkových nákladov na prácu zamestnanec nedostane vyplatené. V príspevku je sledovaný a analyzovaný daňový klin SR vybraných skupín obyvateľstva za obdobie rokov 2000 –...

ver descrição completa

Na minha lista:
Detalhes bibliográficos
Autor principal: Schultzová, Anna
Formato: Capítulo de Livro
Idioma:eslovaco
Assuntos:
Tags: Adicionar Tag
Sem tags, seja o primeiro a adicionar uma tag!

MARC

LEADER 00000nla a2200000 4500
001 0179673
005 20240502073044.0
041 0 |a slo 
044 |a SK 
245 1 0 |a Efektívnosť zdaňovania práce v teórii a praxi - výber  |c Anna Schultzová 
520 |a Oblasť zdaňovania práce pomerne presne zachytáva medzinárodne využívaný ukazovateľ daňového klinu, ktorý vyjadruje koľko percent z celkových nákladov na prácu zamestnanec nedostane vyplatené. V príspevku je sledovaný a analyzovaný daňový klin SR vybraných skupín obyvateľstva za obdobie rokov 2000 – 2011. Pri jeho vyčíslení bola použitá metodika, ktorú zadefinovala OECD a poskytuje tak možnosť porovnania informácií o zdanení miezd rôznych skupín obyvateľstva v rôznych štátoch. 
610 2 0 |a dane 
610 2 0 |a zdaňovanie 
610 2 0 |a práca 
610 2 0 |a teórie daňové 
610 2 0 |a teória a prax 
610 2 0 |a Slovensko 
100 1 |a Schultzová, Anna